000 00827cam a22002291 4500
001 ne 66000955
003 DLC
005 20260227111823.0
008 900427s1965 le h 000 0barar
010 _ane 66000955
025 _aPL480:UAR-7070
035 _a(OCoLC)21438671
040 _aDLC
_cWaU
_dDLC
042 _apremarc
050 0 0 _aDS247.Y48
_bS5
100 1 _aShāmī, Aḥmad Muḥammad,
_d1924-
245 1 0 _aImām al-Yaman Aḥmad Hamīd al-Dīn
_c[taʼlīf] Aḥmad Muḥammad al-Shāmī. Qaddama lahu Aḥmad Muḥammad Nuʻmān. Qarraẓahu ʻAbd al-Raḥmān al-Aryānī maʻa iʻtirāfāt Muḥammad Maḥmūd al-Zubayrī.
250 _a[al-Ṭabʻah 1.]
260 _a[Bayrūt]
_bDār al-Kitāb al-Jadīd
_c[1965]
300 _a191 p.
_bfacsims.
_c21 cm.
600 0 0 _aAhmad,
_cImam of Yemen,
_d1893-1962.
999 _c48908
_d48908